Estatísticas para Quantos titulos nacionais tem este clube?

Clique aqui para jogar o quiz

Estatísticas Gerais

  • Esse quiz foi jogado 79 vezes
  • A pontuação média é 14 de 15

Estatísticas das Respostas

CLUBENR DE TÍTULOS% Correto
AC MILAN18
98%
LIVERPOOL19
98%
BENFICA37
98%
ARSENAL13
97%
MAN UNITED20
97%
BAYERN MUNIQUE29
97%
REAL MADRID34
97%
BORUSSIA DORTMUND8
97%
PORTO27
95%
JUVENTUS36
95%
OLYMPIAKOS45
95%
CHELSEA6
95%
PSG9
95%
BARCELONA26
94%
RANGERS54
92%

Distribuição das Pontuações

Percentil de Números Respondidos

Porcentagem de Pessoas com Cada Pontuação

Sua Pontuação Histórica

Você não jogou esse quiz